| 000 | 00876cam a2200277 i 4500 | ||
|---|---|---|---|
| 999 |
_c7379 _d7379 |
||
| 001 | 2206094 | ||
| 003 | OSt | ||
| 005 | 20211025132009.0 | ||
| 008 | 750410s1975 ilua b 001 0 eng | ||
| 010 | _a 74024441 | ||
| 020 | _a0256016372 | ||
| 040 |
_aDLC _cDDC _dDLC |
||
| 050 | 0 | 0 |
_aHB171.5 _b.F414 1975 |
| 082 | 0 | 0 | _a338.5FER 1975 |
| 100 | 1 |
_aFerguson, C. E.; _q(Charles E.) _915115 |
|
| 245 | 1 | 0 |
_aMicroeconomic theory. _cEdited by Ferguson C. E. and Gould J. P.; |
| 250 | _a4th ed. | ||
| 260 |
_aHomewood, Ill. _bRichard D. Irwin,INC. _c1975. |
||
| 300 |
_axiv,542p; _bill; _c24cm. |
||
| 490 | 0 | _aThe Irwin series in economics | |
| 504 | _aIncludes; bibliography references and indexes. | ||
| 650 | 0 |
_aMicroeconomics. _94398 |
|
| 700 | 1 |
_aGould, John P., _d1939- _ejoint author. _915116 |
|
| 906 |
_a7 _bcbc _corignew _d2 _eocip _f19 _gy-gencatlg |
||
| 942 |
_2ddc _cO_SHELF |
||